000 01193nam a2200337 i 4500
005 20260429123923.0
008 260429t20251998my gr 001 0 may d
020 _a9786294930605
_cRM58.00
_qpaperback
040 _aPPAK
_beng
_cPPAK
_erda
041 1 _amay
_heng
082 0 4 _223
_a303.3
090 0 0 _a303.3
_bGRE
_dG
100 1 _aGreene, Robert,
_eauthor.
245 1 4 _aThe 48 LAWS OF POWER /
_cby ROBERT GREENE ; Penterjemah Mukhlisin Mohsin ; Suntingan Muhammad Sadiq Mohd Salihoddin.
246 3 3 _aFourty eight laws of power
250 _aEDISI BAHASA MELAYU.
264 1 _aBatu Caves, Selangor :
_bPTS PUBLISHING HOUSE SENDIRIAN BERHAD,
_c2025.
264 4 _c©1998
300 _axxvi, 554 pages ;
_c23 cm
336 _atext
_2rdacontent
337 _aunmediated
_2rdamedia
338 _avolume
_2rdacarrier
500 _aIncludes index.
504 _aBibliography : pages 546-547.
546 _aText in Malay, translated from English.
650 1 0 _aPower (Philosophy).
650 2 0 _aControl (Psychology).
700 0 _aMukhlisin Mohsin,
_etranslator.
700 0 _aMuhammad Sadiq Mohd Salihoddin,
_eeditor.
942 _2ddc
_cB
999 _c204061
_d204061